000 00577nam a22001937a 4500
999 _c2686
_d2686
003 AR-CdUCM
008 190305b ||||| |||| 00| 0 spa d
040 _aMUNICIPALIDAD PROVINCIAL DEL CUSCO
_cBIBLIOTECA MUNICIPAL DEL CUSCO
082 _a869.56 /
_bSA18
100 _aSalazar, Osvaldo
_99430
245 _aLa Opera de Los Fantasmas /
260 _aCuba :
_bCasa de Las Américas ;
_c1980.
300 _a173 páginas ;
_c19cm
505 _aNovela
650 _aLiteratura peruana
_9169
650 _aLiteratura contemporánea
_9759
942 _2ddc
_cLIBROS
945 _anom